[Event "Karksi rapid op"]
[Site "Karksi Nuia"]
[Date "2009.07.31"]
[Round "5"]
[White "Kuldkepp, Meelis"]
[Black "Molder, Rudolf"]
[Result "1-0"]
[WhiteElo "2000"]
[BlackElo "1852"]
[PlyCount "125"]
[EventDate "2009.07.31"]
[EventType "swiss (rapid)"]
[EventRounds "7"]
[EventCountry "EST"]
[SourceTitle "EXT 2018"]
[Source "ChessBase"]
[SourceDate "2017.10.13"]
[SourceVersion "1"]
[SourceVersionDate "2017.10.13"]
[SourceQuality "1"]

1. c4 e5 2. Nc3 Nf6 3. g3 Be7 4. Bg2 0-0 5. e4 Nc6 6. d3 d6 7. Nge2 Be6 8. 0-0 Nd4 9. Nxd4 exd4 10. Ne2 c5 11. f4 Bg4 12. h3 Bxe2 13. Qxe2 Qb6 14. Kh2 Rae8 15. b3 Nd7 16. g4 Bd8 17. Bd2 f5 18. gxf5 Rxf5 19. Qg4 Rf7 20. e5 dxe5 21. Bd5 Ree7 22. fxe5 Nxe5 23. Qg3 Kf8 24. Bxf7 Nxf7 25. Bf4 Kg8 26. Rae1 Qf6 27. Rxe7 Qxe7 28. Re1 Qd7 29. Re2 Bf6 30. Qf3 h6 31. Qd5 Qc6 32. Qxc6 bxc6 33. Re8+ Kh7 34. Ra8 Be5 35. Kg3 g5 36. Bxe5 Nxe5 37. Rxa7+ Kg6 38. a4 Nxd3 39. a5 Nb4 40. Kf3 h5 41. Ra8 Kf5 42. a6 g4+ 43. hxg4+ hxg4+ 44. Kg3 d3 45. a7 d2 46. Rd8 Nd5 47. a8Q d1Q 48. Qc8+ Ke4 49. Qe6+ Kd3 50. Qxg4 Qe1+ 51. Kh3 Qf1+ 52. Qg2 Qf5+ 53. Kh2 Kc3 54. cxd5 cxd5 55. Rxd5 Qf7 56. Qg3+ Kb4 57. Rg5 Qh7+ 58. Kg2 Qe4+ 59. Kh3 Qe7 60. Rg4+ Kb5 61. Qd3+ Kb6 62. Rg6+ Kb7 63. Qb5+ 1-0

[Event "Saaremaa Cup"]
[Site "Saaremaa"]
[Date "2001.??.??"]
[Round "?"]
[White "Kuldkepp, Meelis"]
[Black "Ueksti, Enn"]
[Result "1/2-1/2"]
[WhiteElo "1946"]
[BlackElo "2202"]
[PlyCount "38"]
[EventDate "2001.??.??"]
[EventType "swiss"]
[EventRounds "5"]
[EventCountry "EST"]
[SourceTitle "EXT 2018"]
[Source "ChessBase"]
[SourceDate "2017.10.13"]
[SourceVersion "1"]
[SourceVersionDate "2017.10.13"]
[SourceQuality "1"]

1. c4 e5 2. Nc3 Nf6 3. g3 d5 4. cxd5 Nxd5 5. Bg2 Ne7 6. Nf3 Nbc6 7. 0-0 Nf5 8. d3 Be7 9. e4 Nfd4 10. Nxd4 Nxd4 11. Nd5 Be6 12. Nxe7 Qxe7 13. f4 0-0-0 14. Be3 f6 15. Rf2 Kb8 16. b3 Rd7 17. Rc1 h5 18. h3 Qd6 19. Bf1 c5 1/2-1/2